000 00472nab a2200145Ia 4500
003 ES-SlBCS
005 20210601132857.0
008 140529s1971 xxu||||| |||| 00| 0 ita d
041 _aita
100 1 _aBeraldi, Piero
_9198498
245 0 0 _aProblematicismo ontologico e filosofia dell'integralità
_c Piero Beraldi
650 0 4 _aFilosofía de la Integralidad
_9199663
773 0 _tGiornali di Metafisica
_gvol. 26, nº. 2-3, 1971, págs. 231-236
_w0017-0372
942 _cAR
999 _c587071
_d587071